Státověda a teorie politiky

Salvato in:
Dettagli Bibliografici
Autore principale: Neubauer, Zdeněk
Natura: Libro
Lingua:ceco
Pubblicazione: Praha Sociologické nakladatelství (SLON) 2006
Serie:Studijní texty
Soggetti:
Tags: Aggiungi Tag
Nessun Tag, puoi essere il primo ad aggiungerne!!

MARC

LEADER 00000nam$a2200000$$$4500
001 0066671
005 20240313090449.5
020 |a 80-86429-51-2 
041 0 |a cze 
044 |a CZ 
245 1 0 |a Státověda a teorie politiky  |c Zdeněk Neubauer 
264 1 |a Praha  |b Sociologické nakladatelství (SLON)  |c 2006 
300 |a 359 s. 
490 1 |a Studijní texty 
830 0 |a Studijní texty 
610 2 0 |a politológia 
610 2 0 |a štát 
610 2 0 |a veda 
610 2 0 |a štúdie 
610 2 0 |a ústava 
610 2 0 |a poriadok právny 
610 2 0 |a ideológia 
610 2 0 |a moc štátna 
610 2 0 |a demokracia 
610 2 0 |a osobnosť 
610 2 0 |a životopisy 
610 2 0 |a Neubauer, Z. 
100 1 |a Neubauer, Zdeněk